Le problème Jean-Jacques Rousseau / (Record no. 41597)

MARC details
000 -LEADER
campo de control de longitud fija 00815nam a2200241 i 4500
001 - NÚMERO DE CONTROL
campo de control 41597
003 - IDENTIFICADOR DE NÚMERO DE CONTROL
campo de control ES-MaACL
005 - FECHA Y HORA DE LA ÚLTIMA TRANSACCIÓN
campo de control 20230906160448.0
007 - CAMPO FIJO DE DESCRIPCIÓN FÍSICA--INFORMACIÓN GENERAL
campo de control de longitud fija t|
008 - DATOS DE LONGITUD FIJA--INFORMACIÓN GENERAL
campo de control de longitud fija 030311s1987 fr ||||1| fre d
020 ## - NÚMERO INTERNACIONAL ESTÁNDAR DEL LIBRO
Número Internacional Estándar del Libro 2-01-012372-7
100 1# - ENTRADA PRINCIPAL--NOMBRE DE PERSONA
Nombre de persona Cassirer, Ernst.
9 (RLIN) 36365
245 13 - MENCIÓN DEL TÍTULO
Título Le problème Jean-Jacques Rousseau /
Mención de responsabilidad, etc. Ernst Cassirer ; traduit de l'allemand par Marc B. de Launay ; preface de Jean Starobinski.
260 ## - PUBLICACIÓN, DISTRIBUCIÓN, ETC.
Lugar de publicación, distribución, etc. [Paris] :
Nombre del editor, distribuidor, etc. Hachette,
Fecha de publicación, distribución, etc. [1987]
300 ## - DESCRIPCIÓN FÍSICA
Extensión XIX, 135 p. ;
Dimensiones 18 cm.
490 1# - MENCIÓN DE SERIE
Mención de serie Textes du XXe siecle
600 14 - PUNTO DE ACCESO ADICIONAL DE MATERIA--NOMBRE DE PERSONA
Nombre de persona Rousseau, Jean-Jacques-
Subdivisión general Crítica e interpretación.
9 (RLIN) 100059
700 1# - ENTRADA AGREGADA--NOMBRE PERSONAL
Nombre de persona Launay, Marc B. de.
9 (RLIN) 70604
700 1# - ENTRADA AGREGADA--NOMBRE PERSONAL
Nombre de persona Starobinski, Jean.
9 (RLIN) 107937
830 0# - PUNTO DE ACCESO ADICIONAL DE SERIE-TÍTULO UNIFORME
Título uniforme Textes du XXe siecle
9 (RLIN) 181907
852 ## - LOCALIZACIÓN
Ubicación ES-MaACL
Número de control de estantería L-11729
Sublocalización o colección R.113718
Holdings
Estatus retirado Estado de pérdida Estado de daño No para préstamo Biblioteca de origen Biblioteca actual Ubicación en estantería Fecha de adquisición Fuente de adquisición Total de préstamos Signatura topográfica completa Código de barras Visto por última vez Precio de reemplazo Tipo de ítem Koha
        Biblioteca del Ateneo de Madrid Biblioteca del Ateneo de Madrid Depósito 2 17/01/2008     L-11729 1043791 23/02/2023 23/02/2023 Libro impreso